000 00426nam a22001217a 4500
082 _a200 THE
100 _aSANA LIAQUAT,
_970085
245 _aTH-SOF-1238-Real World Object Detection as Markers for Autonomous Aerial Motion Planning Application Using Single Camera
260 _aIslamabad
_bNUST College of EME
_c2016
650 _aMS-MTS-74 MSTHESIS
_970045
700 _aSupervisor DR UMAR SHAHBAZ KHAN
_969707
942 _cCF
999 _c577129
_d577129